Normal view
MARC view
- Subrahmanyan,V
Entry Personal Name
001 - CONTROL NUMBER
- control field: 379
003 - CONTROL NUMBER IDENTIFIER
- control field: OSt
005 - DATE AND TIME OF LATEST TRANSACTION
- control field: 20160613121443.0
008 - FIXED-LENGTH DATA ELEMENTS
- fixed length control field: 160613|| aca||aabn | a|a d
040 ## - CATALOGING SOURCE
- Original cataloging agency: OSt
- Transcribing agency: OSt
100 ## - HEADING--PERSONAL NAME
- Personal name: Subrahmanyan,V
670 ## - SOURCE DATA FOUND
- Source citation: Work cat.: (OSt)13776: Bhutani,R.C 378, Fruit and vegetable preservation, 2012
